A social psychology of group processes for decision-making / (Record no. 32992)
[ view plain ]
| 000 -LEADER | |
|---|---|
| fixed length control field | 00930nam a22002771 4500 |
| 001 - CONTROL NUMBER | |
| control field | 32992 |
| 003 - CONTROL NUMBER IDENTIFIER | |
| rucl marc code | BD-RjUL |
| 005 - DATE AND TIME OF LATEST TRANSACTION | |
| control field | 20211209051929.0 |
| 008 - FIXED-LENGTH DATA ELEMENTS--GENERAL INFORMATION | |
| fixed length control field | 140429s1964 nyua b 001 0 eng d |
| 035 ## - SYSTEM CONTROL NUMBER | |
| System control number | (BD-RjUL)33082 |
| 040 ## - CATALOGING SOURCE | |
| Original cataloging agency | DLC |
| Transcribing agency | DLC |
| Modifying agency | DLC |
| -- | BD-RjUL |
| Language of cataloging | eng |
| 041 ## - LANGUAGE CODE | |
| Language code of text/sound track or separate title | eng |
| 082 00 - DEWEY DECIMAL CLASSIFICATION NUMBER | |
| Classification number | 301.15 |
| Author mark and year | COS 1964 |
| 100 1# - MAIN ENTRY--PERSONAL NAME | |
| Personal name | Collins, Barry E. |
| 9 (RLIN) | 100271 |
| 245 12 - TITLE STATEMENT | |
| Title | A social psychology of group processes for decision-making / |
| Statement of responsibility, etc. | Barry E. Collins [and] Harold Guetzkow. |
| 260 ## - PUBLICATION, DISTRIBUTION, ETC. (IMPRINT) | |
| Place of publication, distribution, etc. | New York : |
| Name of publisher, distributor, etc. | Wiley ; |
| Date of publication, distribution, etc. | 1964. |
| 300 ## - PHYSICAL DESCRIPTION | |
| Pagination | x, 254 p. : |
| Illustrations | ill. ; |
| Size | 23 cm. |
| 504 ## - BIBLIOGRAPHY, ETC. NOTE | |
| Bibliography, etc | Bibliography: p. 223-239. "A bibliography from conference research": p. 240-241 and Index |
| 650 #0 - SUBJECT ADDED ENTRY--TOPICAL TERM | |
| Topical term or geographic name as entry element | Decision making. |
| 9 (RLIN) | 100272 |
| Topical term or geographic name as entry element | Social groups. |
| 9 (RLIN) | 100273 |
| Topical term or geographic name as entry element | Interpersonal relations. |
| 9 (RLIN) | 100274 |
| 700 1# - ADDED ENTRY--PERSONAL NAME | |
| Personal name | Guetzkow, Harold Steere, |
| Relator term | joint author. |
| 942 ## - ADDED ENTRY ELEMENTS (KOHA) | |
| Source of classification or shelving scheme | Dewey Decimal Classification |
| Koha item type | Books |
| Lost status | Source of classification or shelving scheme | Damaged status | Not for loan | Collection code | Permanent Location | Current Location | Shelving location | Date acquired | Total Checkouts | Full call number | Date last seen | Copy number | Koha item type |
|---|---|---|---|---|---|---|---|---|---|---|---|---|---|
| Dewey Decimal Classification | Not For Loan | Non-fiction | Central Library, University of Rajshahi | Central Library, University of Rajshahi | Reading Room | 29/04/2014 | 301.15 COS 1964 | 29/04/2014 | C-1 | Books |